000 01049njm a22002537a 4500
005 20100903155835.0
006 a|||||r|||||00| 0
007 sd ammalaaahaa
008 100903t xxu||||| |||| 00| 0 eng d
028 _aN 36050
_bHis Master's Voice
035 _aGR-249
100 _aFaiyaz Hussain Khan
_918037
245 _aBilanpat :
_cby Faiyaz Hussain Khan
_h[sound recording]
_braamkali /
246 _aबिलंपत / फैयाज़ हुसैन खान
260 _aDum Dum, India
_bHis Master's Voice
300 _a1 sound disc [Gramophone Recording]
_banalog, 33 1/3rpm ;
_c9.5 in. (MP)
_fGramaphone Records
500 _aBrief record
505 _aSide-2 उनसंग लागी अंखियाँ-रामकली (Unsang laagi aankhiyaan-ramkali) (Faiyaz Hussain Khan)
650 _aClassical music
_xExcerpts
_zIndia
_918040
700 _918050
700 _aRoy, Juthika
_918053
942 _2ddc
_cGR
999 _c43661
_d43661